| 000 | 02400nam a2200229Ia 4500 | ||
|---|---|---|---|
| 003 | Ost | ||
| 005 | 20260507075321.0 | ||
| 008 | 260507s9999||||xx |||||||||||||| ||und|| | ||
| 020 | _a55273299579 | ||
| 040 | _cfsecg | ||
| 041 | _aara | ||
| 082 | _a658 | ||
| 100 |
_aخصارنة، عاكف لطفي _eمؤلف |
||
| 245 | 0 |
_aإدارة الإبداع و الابتكار في منظمات الاعمال / _c عاكف لطفي خصارنة |
|
| 260 |
_aعمان: _bدار الحامد للنشر والتوزيع, _c2011 |
||
| 300 |
_a240 صفحة؛ _bإيضاحات ؛ _c25 سم |
||
| 520 | _aالفصل الأول : الإدارة والإبداع : مقدمة، تعريف الإدارة، علاقة الإدارة بالإبداع التنظيمي –الفصل الثاني : العوامل أو النشاطات المؤثرة في الإبداع : العوامل المؤثرة في الإبداع الفردي : العوامل المؤثرة في الإبداع التنظيمي –الفصل الثالث : استراتيجيات داعمة للإبداع التنظيمي : مقدمة، أهم الاستراتيجيات الداعمة للإبداع التنظيمي –الفصل الرابع : التفكير الإبداعي : مقدمة، تعريف التفكير الإبداعي، الإبداع الفكري والتفكير الإبداعي والفارق بينهما –الفصل الخامس : الإبداع التنظيمي والريادة : الإبداع والريادة : مفهوم الريادة : مستويات الريادة –الفصل السادس : التنظيم والإبداع : مفهوم التنظيم، أنواع التنظيم، مبادئ رئيسية في التنظيم –الفصل السابع : التغيير الإبداعي : مقدمة، مفهوم التغيير الإبداعي والتغيير التنظيمي، العلاقة بيم الإبداع والتغيير –الفصل الثامن : الاستراتيديات الوطنية الداعمة للإبداع والأداء المتميز في الأردن : صندوق الإبداع والتميز : صندوق الملك عبد الله الثاني للتنمية : صندوق الملك عبد الله الثاني للتميز. | ||
| 653 | _aإدارة الاعمال | ||
| 653 | _aإدارة الافراد | ||
| 653 | _aالإبداع | ||
| 942 | _cكتاب | ||
| 999 |
_c43925 _d43925 |
||